| LEADER | 00424cam a2200157 7i4500 | ||
|---|---|---|---|
| 001 | 0000003098 | ||
| 005 | 19991025090000.0 | ||
| 002 | ##000004432 | ||
| 020 | 0 | 0 | |a T000004104 |
| 090 | 0 | 0 | |a INDO 338.7 |b DOI |
| 245 | 0 | 0 | |a Doing business in Indonesia. |
| 260 | 0 | 0 | |a New York: |b Ernst & Young International, |c 1992. |
| 300 | 0 | 0 | |a 100 p.. |
| 650 | 0 | 0 | |a Business |
| 651 | 0 | 0 | |a Indonesia |
| 999 | |a 0000004814 |b Book |c Open shelf |e Business Information Centre | ||